<?xml version="1.0" encoding="UTF-8"?>
<record
    xmlns:xsi="http://www.w3.org/2001/XMLSchema-instance"
    xsi:schemaLocation="http://www.loc.gov/MARC21/slim http://www.loc.gov/standards/marcxml/schema/MARC21slim.xsd"
    xmlns="http://www.loc.gov/MARC21/slim">

  <leader>00908nam a22002057a 4500</leader>
  <controlfield tag="005">20250707155907.0</controlfield>
  <datafield tag="010" ind1=" " ind2=" ">
    <subfield code="a">HIN-129904-905</subfield>
  </datafield>
  <datafield tag="020" ind1=" " ind2=" ">
    <subfield code="c">250.00</subfield>
    <subfield code="a">9789395368216</subfield>
  </datafield>
  <datafield tag="035" ind1=" " ind2=" ">
    <subfield code="a">HN-102250</subfield>
  </datafield>
  <datafield tag="037" ind1=" " ind2=" ">
    <subfield code="b">DBAD</subfield>
  </datafield>
  <datafield tag="082" ind1=" " ind2=" ">
    <subfield code="a">3</subfield>
  </datafield>
  <datafield tag="100" ind1=" " ind2=" ">
    <subfield code="a">&#x926;&#x94B;&#x930;&#x94D;&#x935;&#x947;&#x91F;&#x940; (&#x91A;&#x947;&#x928;&#x94D;&#x928;&#x92F;&#x94D;&#x92F;&#x93E;)</subfield>
    <subfield code="9">82722</subfield>
  </datafield>
  <datafield tag="245" ind1=" " ind2=" ">
    <subfield code="a">&#x90F;&#x915;  &#x914;&#x930; &#x936;&#x93F;&#x935;&#x93E;&#x91C;&#x940; &#x927;&#x930;&#x94D;&#x92E;&#x935;&#x940;&#x930; &#x91B;&#x924;&#x94D;&#x930;&#x938;&#x93E;&#x932; &#x915;&#x940; &#x935;&#x940;&#x930; &#x917;&#x93E;&#x925;&#x93E;  / </subfield>
    <subfield code="c">&#x926;&#x94B;&#x930;&#x94D;&#x935;&#x947;&#x924;&#x940; (&#x91A;&#x947;&#x928;&#x94D;&#x928;&#x92F;&#x94D;&#x92F;&#x93E;)</subfield>
  </datafield>
  <datafield tag="260" ind1=" " ind2=" ">
    <subfield code="a">&#x939;&#x948;&#x926;&#x930;&#x93E;&#x92C;&#x93E;&#x926; </subfield>
    <subfield code="b">&#x928;&#x940;&#x932;&#x915;&#x92E;&#x932; &#x92A;&#x92C;&#x94D;&#x932;&#x93F;&#x915;&#x947;&#x936;&#x928; </subfield>
    <subfield code="c">2023</subfield>
  </datafield>
  <datafield tag="270" ind1=" " ind2=" ">
    <subfield code="a">&#x938;&#x941;&#x932;&#x94D;&#x924;&#x93E;&#x928; &#x92C;&#x93E;&#x91C;&#x93C;&#x93E;&#x930; , &#x939;&#x948;&#x926;&#x930;&#x93E;&#x92C;&#x93E;&#x926;</subfield>
    <subfield code="b">&#x939;&#x948;&#x926;&#x930;&#x93E;&#x92C;&#x93E;&#x926; </subfield>
    <subfield code="e">500001 </subfield>
  </datafield>
  <datafield tag="300" ind1=" " ind2=" ">
    <subfield code="a">146&#x92A;&#x943;.;</subfield>
    <subfield code="c">21. &#x938;&#x947;.&#x92E;&#x940;. (&#x938;&#x91C;&#x93F;&#x932;&#x94D;&#x926;)</subfield>
  </datafield>
  <datafield tag="300" ind1=" " ind2=" ">
    <subfield code="a">146&#x92A;&#x943;.;</subfield>
    <subfield code="c">21.5 (&#x905;&#x91C;&#x93F;&#x932;&#x94D;&#x926;)</subfield>
  </datafield>
  <datafield tag="710" ind1=" " ind2=" ">
    <subfield code="9">59840</subfield>
  </datafield>
  <datafield tag="942" ind1=" " ind2=" ">
    <subfield code="2">ddc</subfield>
    <subfield code="c">HN</subfield>
    <subfield code="h">3</subfield>
    <subfield code="m">&#x926;&#x94B;&#x930;&#x935;&#x947;</subfield>
  </datafield>
  <datafield tag="999" ind1=" " ind2=" ">
    <subfield code="c">212196</subfield>
    <subfield code="d">212196</subfield>
  </datafield>
  <datafield tag="952" ind1=" " ind2=" ">
    <subfield code="0">0</subfield>
    <subfield code="1">0</subfield>
    <subfield code="4">0</subfield>
    <subfield code="7">0</subfield>
    <subfield code="8">NFIC</subfield>
    <subfield code="a">M</subfield>
    <subfield code="b">M</subfield>
    <subfield code="d">2025-07-07</subfield>
    <subfield code="e">DBAD</subfield>
    <subfield code="g">500.00</subfield>
    <subfield code="l">0</subfield>
    <subfield code="o">3 &#x926;&#x94B;&#x930;&#x935;&#x947;</subfield>
    <subfield code="p">HN-102250</subfield>
    <subfield code="r">2025-07-07 00:00:00</subfield>
    <subfield code="v">500.00</subfield>
    <subfield code="w">2025-07-07</subfield>
    <subfield code="y">HN</subfield>
  </datafield>
  <datafield tag="952" ind1=" " ind2=" ">
    <subfield code="0">0</subfield>
    <subfield code="1">0</subfield>
    <subfield code="4">0</subfield>
    <subfield code="7">0</subfield>
    <subfield code="8">NFIC</subfield>
    <subfield code="a">AV</subfield>
    <subfield code="b">AV</subfield>
    <subfield code="d">2025-07-07</subfield>
    <subfield code="e">DBAD</subfield>
    <subfield code="g">250.00</subfield>
    <subfield code="l">0</subfield>
    <subfield code="o">3 &#x926;&#x94B;&#x930;&#x935;&#x947;</subfield>
    <subfield code="p">HN-102251</subfield>
    <subfield code="r">2025-07-07 00:00:00</subfield>
    <subfield code="v">500.00</subfield>
    <subfield code="w">2025-07-07</subfield>
    <subfield code="y">HN</subfield>
  </datafield>
</record>
